Caricamento...
Map Projections, A reference manual
| Autori principali: | , |
|---|---|
| Natura: | Printed Book |
| Pubblicazione: |
London, Taylor & Francis
2002
|
| Soggetti: |
| LEADER | 005640000a22001810004500 | ||
|---|---|---|---|
| 020 | |a 07484 0304 3 | ||
| 082 | |a 912 BUG | ||
| 100 | |a Bugayevskiy, lev M |9 140678 | ||
| 100 | |a Snyder, John P |9 140679 | ||
| 245 | |a Map Projections, A reference manual | ||
| 260 | |a London, Taylor & Francis | ||
| 260 | |c 2002 | ||
| 650 | |a Cartography |9 134659 | ||
| 650 | |a Map pr |9 140680 | ||
| 650 | |a Map projections |9 140681 | ||
| 942 | |c BK | ||
| 999 | |c 178489 |d 178485 | ||
| 952 | |0 0 |1 0 |4 0 |6 912_000000000000000_BUG |7 0 |9 176948 |a SES |b SES |d 2019-05-16 |l 0 |o 912 BUG |p SES02182 |r 2019-05-16 |w 2019-05-16 |y BK | ||